000 00556nam a2200169 i 4500
001 70329
003 ES-MaACL
005 20230906170804.0
007 t|
008 040721s1960 sp ||||1| spa d
100 1 _aGarcía Royo, Luis.
_955229
245 1 4 _aEl "Justiciero Mayor" de Aragón y la filosofía de la jurisdicción contencioso administrativa española y francesa
_b: (ciencia y técnica) /
_cLuis García Royo.
250 _a2ª ed.
260 _a[S.l. :
_bs.n.,
_c1960]
300 _a60 p. ;
_c19 cm.
852 _aES-MaACL
_jC-21174
_bR.47108
999 _c70329
_d70329